| 000 | 00440 a2200169 4500 | ||
|---|---|---|---|
| 005 | 20250530114920.0 | ||
| 008 | 250530b |||||||| |||| 00| 0 eng d | ||
| 020 |
_a9788131614082 _cRs. 1595.00 |
||
| 040 | _aMAIN | ||
| 082 |
_a301.24 _bN135B |
||
| 100 | _aNagla, B K | ||
| 245 | _aBhartiya samajshastriyon ke sath samvad | ||
| 260 |
_bRawat Publications _aJaipur _c2024 |
||
| 300 | _a358 | ||
| 650 | _aSociologists-India | ||
| 942 | _cBK | ||
| 999 |
_c360960 _d360960 |
||